[Event "Lichtenberger Sommer 2019"]
[Site "Berlin"]
[Date "2019.08.17"]
[Round "1.27"]
[White "Nohr, Jonas"]
[Black "Becker, Werner"]
[Result "1-0"]
[WhiteElo "2126"]
[BlackElo "1758"]
[PlyCount "53"]
[EventDate "2019.??.??"]
[WhiteTeam "Königsjäger Süd-West"]
[BlackTeam "SC Rochade (Berlin)"]

1. c4 Nf6 2. Nc3 e6 3. d4 d5 4. Nf3 c5 5. e3 Nbd7 6. Be2 Be7 7. O-O O-O 8. cxd5
exd5 9. b3 b6 10. dxc5 Nxc5 11. Bb2 Be6 12. Rc1 Rc8 13. Nb5 a6 14. Nbd4 b5 15.
Nxe6 fxe6 16. Qc2 Nfe4 17. Bd4 Bf6 18. Qb2 Bxd4 19. exd4 Qf6 20. Ne5 Nxf2 21.
dxc5 Qf4 22. Bf3 Ne4 23. Bxe4 Qe3+ 24. Kh1 Qxe4 25. Rxf8+ Rxf8 26. Nf3 Qd3 27.
c6 1-0

[Event "Lichtenberger Sommer 2019"]
[Site "Berlin"]
[Date "2019.08.17"]
[Round "1.28"]
[White "Glienke, Michael"]
[Black "Krefenstein, Sergej"]
[Result "0-1"]
[WhiteElo "1754"]
[BlackElo "2125"]
[PlyCount "146"]
[EventDate "2019.??.??"]
[WhiteTeam "SC Kreuzberg"]
[BlackTeam "BSC Rehberge"]

1. d4 Nf6 2. Bf4 e6 3. c4 b6 4. Nf3 Bb7 5. e3 Be7 6. Be2 Nh5 7. Bg3 O-O 8. Nc3
d6 9. Qc2 Nd7 10. d5 g6 11. dxe6 fxe6 12. Nd4 Ng7 13. Bf3 Bxf3 14. Nxf3 e5 15.
h3 Nf5 16. Bh2 Nc5 17. O-O a5 18. Rad1 Qe8 19. Nd5 Bd8 20. a3 a4 21. Nd2 Qf7
22. Ne4 Ne6 23. Ng3 Bh4 24. Ne4 Qg7 25. Qe2 Bd8 26. Ndc3 Qf7 27. Nb5 Ng5 28.
Nxg5 Bxg5 29. Qd3 Bf6 30. Qd5 Ra5 31. Qc6 Bd8 32. e4 Ng7 33. Rd3 Qe8 34. Qxe8
Rxe8 35. f3 Ne6 36. Rfd1 Bg5 37. Kf1 Re7 38. Bg3 Nc5 39. Rc3 Kf7 40. Ke2 Ra8
41. Bf2 Ne6 42. g3 Rd7 43. Be3 h6 44. h4 Bxe3 45. Kxe3 Ke7 46. Rc2 c6 47. Nc3
Nd4 48. Rf2 h5 49. Ne2 Ne6 50. Nc3 Ra5 51. Rfd2 Nc5 52. f4 Nb3 53. Rd3 Nc5 54.
R3d2 Ke6 55. Ne2 Nb3 56. Rd3 Nc5 57. R3d2 b5 58. f5+ gxf5 59. exf5+ Ke7 60. f6+
Ke6 61. f7 Ra8 62. cxb5 cxb5 63. Nc3 Rf8 64. Nxb5 Nb7 65. Rf1 Rfxf7 66. Rxf7
Rxf7 67. Rc2 Nc5 68. Rg2 Rb7 69. Nc3 d5 70. Nd1 d4+ 71. Ke2 Rg7 72. Kf3 e4+ 73.
Kf4 Rg4# 0-1

[Event "Lichtenberger Sommer 2019"]
[Site "Berlin"]
[Date "2019.08.17"]
[Round "1.29"]
[White "Mertens, Fridolin"]
[Black "Jansen, Robert"]
[Result "1-0"]
[WhiteElo "2113"]
[BlackElo "1746"]
[PlyCount "61"]
[EventDate "2019.??.??"]
[WhiteTeam "SG 1871 Löberitz"]
[BlackTeam "SC Kreuzberg"]

1. e4 e5 2. Nc3 Nf6 3. g3 c6 4. d4 Bb4 5. dxe5 Nxe4 6. Qd4 Bxc3+ 7. bxc3 d5 8.
Bg2 O-O 9. Ne2 Be6 10. O-O Nd7 11. f3 Nec5 12. Ba3 b6 13. Qe3 Re8 14. f4 f5 15.
Nd4 Qc8 16. g4 Nf8 17. gxf5 Bxf5 18. Nxf5 Qxf5 19. Bxc5 bxc5 20. Qxc5 Rac8 21.
Rf2 Ng6 22. Raf1 Nh4 23. Qxa7 Re6 24. Kh1 Nxg2 25. Rxg2 Rg6 26. Re2 Rf8 27. Qe3
Re8 28. a4 h5 29. Qd4 Qg4 30. Ref2 Qe6 31. f5 1-0

[Event "Lichtenberger Sommer 2019"]
[Site "Berlin"]
[Date "2019.08.17"]
[Round "1.30"]
[White "Pöltelt, Helmut"]
[Black "Stark, Ingo"]
[Result "0-1"]
[WhiteElo "1746"]
[BlackElo "2113"]
[PlyCount "58"]
[EventDate "2019.??.??"]
[WhiteTeam "SC Eintracht Berlin"]
[BlackTeam "TSG Oberschöneweide"]

1. e4 c5 2. Nf3 d6 3. d4 cxd4 4. Nxd4 Nf6 5. Nc3 a6 6. Be2 e6 7. Be3 Be7 8. Qd2
Qc7 9. f4 b5 10. Bf3 Bb7 11. e5 dxe5 12. fxe5 Nfd7 13. Bxb7 Qxb7 14. Nf3 Nc6
15. Bf4 O-O 16. O-O-O Rfd8 17. Qe2 Nb6 18. h4 Rac8 19. Kb1 Nb4 20. Rc1 Rxc3 21.
bxc3 N4d5 22. Bd2 Na4 23. Qe1 Qc6 24. Nd4 Ndxc3+ 25. Bxc3 Nxc3+ 26. Ka1 Rxd4
27. Rh3 Bb4 28. Qf2 Qc4 29. Rxc3 Bxc3+ 0-1

[Event "Lichtenberger Sommer 2019"]
[Site "Berlin"]
[Date "2019.08.17"]
[Round "1.31"]
[White "Dathe, Frederick"]
[Black "Francois, Yannick"]
[Result "1-0"]
[WhiteElo "2110"]
[BlackElo "1745"]
[PlyCount "53"]
[EventDate "2019.??.??"]
[WhiteTeam "SC Kreuzberg"]
[BlackTeam "SC Falkensee"]

1. c4 Nf6 2. g3 e6 3. Bg2 d5 4. Nf3 Be7 5. O-O O-O 6. b3 b6 7. Bb2 Bb7 8. cxd5
exd5 9. d4 Nbd7 10. Nc3 Rc8 11. Rc1 c5 12. Qd3 Ne4 13. Rfd1 Ndf6 14. dxc5 Bxc5
15. Nd4 Qe7 16. Na4 Bb4 17. Nf5 Qd8 18. a3 Rxc1 19. Bxc1 Bc5 20. Nxc5 bxc5 21.
Bb2 Qb6 22. Bxe4 dxe4 23. Qd6 Qxd6 24. Rxd6 Nh5 25. Rh6 Nf6 26. Ne7+ Kh8 27.
Rxf6 1-0

[Event "Lichtenberger Sommer 2019"]
[Site "Berlin"]
[Date "2019.08.17"]
[Round "1.32"]
[White "Kornrumpf, Joachim"]
[Black "Zesewitz, Maik"]
[Result "1-0"]
[WhiteElo "2099"]
[BlackElo "1742"]
[PlyCount "49"]
[EventDate "2019.??.??"]
[WhiteTeam "Preetzer TSV"]
[BlackTeam "SF Friedrichshagen"]

1. c4 e5 2. b3 Nc6 3. Bb2 Bc5 4. e3 d6 5. Nf3 Bg4 6. Be2 Nf6 7. d3 O-O 8. Nbd2
Re8 9. a3 a5 10. O-O Qd7 11. Qc2 Rad8 12. Rfe1 Ba7 13. Rad1 d5 14. cxd5 Nxd5
15. Nc4 f6 16. Rc1 b5 17. Ncd2 Nde7 18. d4 exd4 19. Bxb5 Bxf3 20. Nxf3 d3 21.
Qc4+ Kf8 22. Red1 d2 23. Rxd2 Qxd2 24. Nxd2 Ne5 25. Bxe5 1-0

[Event "Lichtenberger Sommer 2019"]
[Site "Berlin"]
[Date "2019.08.17"]
[Round "1.33"]
[White "Braeunlin, Herbert"]
[Black "Schilly, Hans-Joachim"]
[Result "1-0"]
[WhiteElo "2091"]
[BlackElo "1739"]
[PlyCount "69"]
[EventDate "2019.??.??"]
[BlackTeam "SF Siemensstadt"]

1. e4 c6 2. d3 d5 3. Nd2 dxe4 4. Nxe4 Nd7 5. Qe2 e6 6. g3 Ngf6 7. Bg2 Nxe4 8.
dxe4 g6 9. Nf3 Bg7 10. c3 Qc7 11. h4 h6 12. Be3 a5 13. O-O O-O 14. Rfd1 b6 15.
Qc2 Bb7 16. Rd2 Rfd8 17. Rad1 a4 18. Qc1 Kh7 19. Nd4 Nf6 20. f3 e5 21. Ne2 c5
22. c4 Ng8 23. Bh3 Bc6 24. Nc3 Ne7 25. a3 f5 26. Qc2 f4 27. gxf4 exf4 28. Bf2
Be5 29. Nd5 Nxd5 30. exd5 Bd7 31. d6 Qc8 32. Bxd7 Qxd7 33. Qe4 Re8 34. h5 Re6
35. Qxa8 1-0

[Event "Lichtenberger Sommer 2019"]
[Site "Berlin"]
[Date "2019.08.17"]
[Round "1.34"]
[White "Jugert, Ole"]
[Black "Bui, Bao Anh Le"]
[Result "0-1"]
[WhiteElo "1739"]
[BlackElo "2087"]
[PlyCount "82"]
[EventDate "2019.??.??"]
[BlackTeam "SV Mattnetz Berlin"]

1. d4 d5 2. c4 e6 3. Nc3 c6 4. e4 dxe4 5. Nxe4 Bb4+ 6. Bd2 Qxd4 7. Bxb4 Qxe4+
8. Be2 Na6 9. Bd6 Nf6 10. Nf3 e5 11. O-O Be6 12. Bd3 Qg4 13. Nxe5 Qxd1 14.
Raxd1 O-O-O 15. c5 Nb4 16. Bb1 Ne8 17. Nxf7 Bxf7 18. Bf5+ Rd7 19. Rfe1 Nd5 20.
Re7 Nxe7 21. Bxe7 Bd5 22. Bh4 Nc7 23. Re1 Be6 24. Rxe6 Nxe6 25. Bxe6 Re8 26.
Bxd7+ Kxd7 27. Kf1 Re5 28. f3 Rxc5 29. Bf2 Rc2 30. Bd4 g6 31. h4 Rc4 32. Bxa7
Rc1+ 33. Kf2 Rc2+ 34. Kg3 Rxb2 35. Kh3 Rxa2 36. Bc5 Rc2 37. Bb6 c5 38. g4 c4
39. f4 c3 40. f5 gxf5 41. gxf5 Re2 0-1

[Event "Lichtenberger Sommer 2019"]
[Site "Berlin"]
[Date "2019.08.17"]
[Round "1.35"]
[White "Milare, Tyron"]
[Black "Hirsch, Christian"]
[Result "0-1"]
[WhiteElo "2075"]
[BlackElo "1726"]
[PlyCount "110"]
[EventDate "2019.??.??"]
[WhiteTeam "Potsdamer SV"]
[BlackTeam "SF Haselmühl/Amberg"]

1. d4 Nf6 2. Nf3 d5 3. c4 e6 4. Nc3 Be7 5. Bf4 c6 6. e3 Nbd7 7. Rc1 O-O 8. h3
dxc4 9. Bxc4 Nb6 10. Bd3 Nbd5 11. Bg3 Nxc3 12. bxc3 c5 13. O-O b6 14. Qe2 Bb7
15. e4 cxd4 16. Nxd4 Nd7 17. Bb5 Qc8 18. Rfd1 Nc5 19. f3 a6 20. Bd3 Nxd3 21.
Qxd3 Rd8 22. a4 Qc5 23. Bf2 e5 24. Qe2 exd4 25. cxd4 Qd6 26. Rb1 Qg6 27. d5 Bc8
28. Bxb6 Re8 29. Kf1 a5 30. Qf2 Ba6+ 31. Kg1 Rec8 32. Kh1 Bb4 33. Rxb4 axb4 34.
d6 Qe6 35. d7 Rd8 36. Bxd8 Rxd8 37. Qd2 h6 38. e5 b3 39. f4 b2 40. Qxb2 Rxd7
41. Qb8+ Kh7 42. Rd6 Rxd6 43. exd6 Qd5 44. Qb6 Bb7 45. Qb1+ g6 46. Qb2 Ba8 47.
f5 Qd1+ 48. Kh2 Qxd6+ 49. Kh1 gxf5 50. a5 Qd5 51. a6 f4 52. a7 f3 53. Qc2+ Qe4
54. Qxe4+ Bxe4 55. gxf3 Bxf3+ 0-1

[Event "Lichtenberger Sommer 2019"]
[Site "Berlin"]
[Date "2019.08.17"]
[Round "1.36"]
[White "Bunkens, Rudi"]
[Black "Sabrowski, Uwe"]
[Result "0-1"]
[WhiteElo "1724"]
[BlackElo "2073"]
[PlyCount "80"]
[EventDate "2019.??.??"]
[WhiteTeam "Koninklijke Gentse Schaakkring"]
[BlackTeam "SV Berolina Mitte"]

1. d4 f5 2. Bg5 d6 3. e3 c6 4. c3 g6 5. Be2 Bg7 6. h4 Qb6 7. Qb3 e5 8. dxe5
dxe5 9. h5 h6 10. Bh4 g5 11. Bg3 Na6 12. Nd2 Nc5 13. Qxb6 axb6 14. Nc4 Nd7 15.
Nd6+ Ke7 16. Nxf5+ Kf6 17. Nxg7 Kxg7 18. Nf3 e4 19. Nd4 Nc5 20. O-O Nf6 21.
Rad1 Re8 22. c4 Na4 23. Rd2 g4 24. b3 Nc5 25. Bc7 Nxh5 26. Bxb6 Na6 27. Ba5 Kg6
28. Bc3 Nc5 29. Bb4 Nd7 30. Bc3 Nhf6 31. b4 h5 32. g3 Ne5 33. a4 h4 34. gxh4
Rh8 35. b5 Rxh4 36. Nxc6 Nf3+ 37. Bxf3 gxf3 38. Ne7+ Kf7 39. Nd5 Be6 40. Bxf6
Rg8+ 0-1

[Event "Lichtenberger Sommer 2019"]
[Site "Berlin"]
[Date "2019.08.17"]
[Round "1.37"]
[White "Heuser, Philip"]
[Black "Caglar, Ertan"]
[Result "1-0"]
[WhiteElo "2064"]
[BlackElo "1724"]
[PlyCount "59"]
[EventDate "2019.??.??"]
[WhiteTeam "Münchener SC"]
[BlackTeam "SW Lichtenrade"]

1. d4 Nf6 2. c4 e6 3. Nc3 d5 4. cxd5 exd5 5. Bg5 Be7 6. e3 Nbd7 7. Nf3 c6 8.
Bd3 O-O 9. Qc2 Re8 10. O-O Bf8 11. Bxh7+ Kh8 12. Bd3 g6 13. Rfe1 Bg7 14. b4 a6
15. a4 Nf8 16. Ne5 Kg8 17. f4 Ne6 18. Bh4 Qd6 19. Nxf7 Kxf7 20. Bxg6+ Kf8 21.
Bxf6 Bxf6 22. Bxe8 Kxe8 23. b5 axb5 24. axb5 Rxa1 25. Rxa1 c5 26. Qf5 Kf7 27.
Nxd5 Ng7 28. Qxf6+ Qxf6 29. Nxf6 Kxf6 30. dxc5 1-0

[Event "Lichtenberger Sommer 2019"]
[Site "Berlin"]
[Date "2019.08.17"]
[Round "1.38"]
[White "Dittrich, Hans-Georg"]
[Black "Meyer-Dunker, Paul"]
[Result "0-1"]
[WhiteElo "1722"]
[BlackElo "2064"]
[PlyCount "26"]
[EventDate "2019.??.??"]
[BlackTeam "TSG Oberschöneweide"]

1. e4 e5 2. f4 Nc6 3. Nc3 Bb4 4. Nf3 d6 5. Bc4 Nf6 6. O-O O-O 7. d3 Bg4 8. h3
Bxf3 9. Qxf3 Nd4 10. Qd1 c6 11. a3 Bc5 12. Na4 Ne2+ 13. Kh2 Ng4+ 0-1

[Event "Lichtenberger Sommer 2019"]
[Site "Berlin"]
[Date "2019.08.17"]
[Round "1.39"]
[White "Schulz, Hartmut"]
[Black "Rausch, Erik"]
[Result "1-0"]
[WhiteElo "2064"]
[BlackElo "1718"]
[PlyCount "73"]
[EventDate "2019.??.??"]
[WhiteTeam "SC Rochade (Berlin)"]
[BlackTeam "SC Kreuzberg"]

1. d4 Nf6 2. Nf3 d5 3. c4 e6 4. Nc3 c6 5. Bg5 Nbd7 6. e3 Bd6 7. Bd3 dxc4 8.
Bxc4 b5 9. Bd3 Qc7 10. Rc1 Qb8 11. O-O Bb7 12. e4 e5 13. dxe5 Bxe5 14. Nxe5
Qxe5 15. Be3 a6 16. f4 Qe7 17. e5 c5 18. Re1 Nd5 19. Nxd5 Bxd5 20. Bxb5 axb5
21. Qxd5 O-O 22. Bxc5 Nxc5 23. Qxc5 Qb7 24. a3 Rfc8 25. Qe3 Re8 26. Rc5 b4 27.
Rec1 Qb6 28. Kf2 bxa3 29. bxa3 Qb2+ 30. R1c2 Qxa3 31. Qxa3 Rxa3 32. Rc7 Ra6 33.
Rb7 Rae6 34. Rcc7 Rf8 35. Kf3 Ree8 36. g4 Rb8 37. Rxf7 1-0

[Event "Lichtenberger Sommer 2019"]
[Site "Berlin"]
[Date "2019.08.17"]
[Round "1.40"]
[White "Morczynski, Joachim"]
[Black "Badestein, Hartmut"]
[Result "1/2-1/2"]
[WhiteElo "1701"]
[BlackElo "2042"]
[PlyCount "119"]
[EventDate "2019.??.??"]
[WhiteTeam "SK Zehlendorf"]
[BlackTeam "SC Friesen Lichtenberg"]

1. e4 c5 2. Nf3 d6 3. d4 cxd4 4. Qxd4 Nc6 5. Bb5 Bd7 6. Bxc6 bxc6 7. O-O e5 8.
Qd3 Nf6 9. c4 Qc7 10. Nc3 Be7 11. Bg5 h6 12. Bh4 g5 13. Bg3 Nh5 14. c5 Nxg3 15.
cxd6 Qxd6 16. Qxd6 Bxd6 17. hxg3 Ke7 18. Rfd1 Rhd8 19. Rd2 f6 20. Rad1 Be6 21.
Nh2 Rab8 22. Nf1 Bc5 23. Rxd8 Rxd8 24. Rxd8 Kxd8 25. b3 Kc7 26. Nd1 Bd4 27.
Nde3 Bxe3 28. Nxe3 Kb6 29. Kf1 Kb5 30. Nc2 a5 31. Ke2 a4 32. bxa4+ Kxa4 33. a3
Kb3 34. Kd2 c5 35. Kc1 f5 36. f3 fxe4 37. fxe4 Bf7 38. Ne1 Bg6 39. Nd3 Kxa3 40.
Nxc5 Kb4 41. Nd3+ Kc3 42. Nxe5 Bxe4 43. Nf7 Bxg2 44. Nxh6 Bd5 45. Ng4 Kd3 46.
Nf6 Bc4 47. Ng4 Ke2 48. Ne5 Bd5 49. Nd7 Kf3 50. Nf6 Be4 51. g4 Kf4 52. Kd2 Ke5
53. Nxe4 Kxe4 54. Ke2 Kf4 55. Kf2 Kxg4 56. Kg2 Kf4 57. Kf2 g4 58. Kg2 g3 59.
Kg1 Kg5 60. Kg2 1/2-1/2

[Event "Lichtenberger Sommer 2019"]
[Site "Berlin"]
[Date "2019.08.17"]
[Round "1.41"]
[White "Poseck, Steffen"]
[Black "Kellner, René"]
[Result "1-0"]
[WhiteElo "2041"]
[BlackElo "1700"]
[PlyCount "65"]
[EventDate "2019.??.??"]
[WhiteTeam "BSV 63 Chemie Weißensee"]
[BlackTeam "Potsdamer SV"]

1. d4 d5 2. Nf3 c6 3. e3 Nf6 4. Bd3 Bg4 5. Nbd2 Nbd7 6. h3 Bxf3 7. Nxf3 e6 8.
O-O Bd6 9. c4 dxc4 10. Bxc4 O-O 11. a4 e5 12. dxe5 Nxe5 13. Nxe5 Bxe5 14. Qc2
Qc7 15. Rd1 Rfd8 16. Ra3 Rxd1+ 17. Qxd1 Rd8 18. Rd3 Rxd3 19. Qxd3 h6 20. f4 Bd6
21. Bd2 Qd7 22. Kf2 Be7 23. Ke2 Kf8 24. e4 Qxd3+ 25. Kxd3 Nd7 26. b4 a5 27. b5
cxb5 28. Bxb5 Nc5+ 29. Kc4 b6 30. Kd5 Nb3 31. Be3 Nc5 32. e5 g6 33. g4 1-0

[Event "Lichtenberger Sommer 2019"]
[Site "Berlin"]
[Date "2019.08.17"]
[Round "1.42"]
[White "Moeller, Jared William"]
[Black "Hahlbohm, Matthias"]
[Result "1/2-1/2"]
[WhiteElo "1693"]
[BlackElo "2041"]
[PlyCount "74"]
[EventDate "2019.??.??"]
[WhiteTeam "SV Glückauf Rüdersdorf"]
[BlackTeam "TSG Oberschöneweide"]

1. e4 e6 2. d4 d5 3. Nc3 Nf6 4. Bg5 Be7 5. e5 Nfd7 6. Bxe7 Qxe7 7. Qg4 f5 8.
Qg3 O-O 9. O-O-O a6 10. f4 c5 11. Nf3 Nc6 12. Qg5 Qe8 13. Be2 b5 14. g4 cxd4
15. Nxd4 Nxd4 16. Rxd4 Nc5 17. gxf5 Rxf5 18. Qg2 Bb7 19. Rg1 Qe7 20. Bg4 Rf7
21. Qh3 Re8 22. b4 Na4 23. Nxa4 bxa4 24. f5 exf5 25. Bxf5 Qxe5 26. Bxh7+ Kf8
27. Bg6 Qxd4 28. Qh8+ Ke7 29. Re1+ Kf6 30. Qxe8 Kxg6 31. Re6+ Kh7 32. Qxf7 Qa1+
33. Kd2 Qd4+ 34. Ke1 Qxb4+ 35. Kf1 Qc4+ 36. Re2 Bc6 37. Qf5+ Kg8 1/2-1/2

[Event "Lichtenberger Sommer 2019"]
[Site "Berlin"]
[Date "2019.08.17"]
[Round "1.43"]
[White "Teichert, Felix"]
[Black "Hesselbarth, Karlheinz"]
[Result "1-0"]
[WhiteElo "2027"]
[BlackElo "1692"]
[PlyCount "63"]
[EventDate "2019.??.??"]
[WhiteTeam "Leegebrucher SF"]
[BlackTeam "SC Zugzwang 95 (Berlin)"]

1. c4 c6 2. g3 d5 3. Bg2 Nf6 4. e3 Bf5 5. Qb3 Qb6 6. Nc3 e6 7. Nf3 Nbd7 8. Qxb6
axb6 9. cxd5 exd5 10. O-O Bd6 11. d4 O-O 12. Nh4 Bd3 13. Rd1 Ba6 14. f3 Rfe8
15. Bd2 c5 16. f4 cxd4 17. exd4 Bb4 18. Nxd5 Nxd5 19. Bxd5 Bxd2 20. Rxd2 Nf6
21. Bg2 Bc4 22. a3 Nd5 23. Rc1 Ne3 24. Bxb7 Rad8 25. Ng2 Bd5 26. Nxe3 Bxb7 27.
Kf2 Rd7 28. Nc4 Rc7 29. Rc3 Rec8 30. Nd6 Rxc3 31. bxc3 Rc7 32. Rb2 1-0

[Event "Lichtenberger Sommer 2019"]
[Site "Berlin"]
[Date "2019.08.17"]
[Round "1.44"]
[White "Kreuchauf, Olaf"]
[Black "Bornschein, Burkhard"]
[Result "1/2-1/2"]
[WhiteElo "1690"]
[BlackElo "2016"]
[PlyCount "59"]
[EventDate "2019.??.??"]
[WhiteTeam "SC Eintracht Berlin"]
[BlackTeam "BSC Rehberge"]

1. c4 c6 2. Nf3 d5 3. d4 Nf6 4. e3 e6 5. b3 Nbd7 6. Bd3 Be7 7. O-O O-O 8. Nbd2
Qc7 9. Bb2 b6 10. e4 dxe4 11. Nxe4 Bb7 12. Qe2 Rfe8 13. Rac1 c5 14. Rcd1 Rad8
15. dxc5 bxc5 16. Bb1 Nxe4 17. Bxe4 Bxe4 18. Qxe4 Bf6 19. Bxf6 Nxf6 20. Qe5 Qa5
21. Qa1 h6 22. h3 Qb6 23. Qb1 a5 24. Qc2 Qc7 25. Qe2 Qa7 26. Ne5 Qb6 27. Qe3
Rd4 28. Nf3 Rdd8 29. Ne5 Rd4 30. Nf3 1/2-1/2

[Event "Lichtenberger Sommer 2019"]
[Site "Berlin"]
[Date "2019.08.17"]
[Round "1.45"]
[White "Püschel, Werner"]
[Black "Udet, Fabian"]
[Result "1-0"]
[WhiteElo "2012"]
[BlackElo "1684"]
[PlyCount "80"]
[EventDate "2019.??.??"]
[WhiteTeam "SV Briesen"]
[BlackTeam "1. SC Anhalt"]

1. Nf3 d5 2. b3 Nf6 3. Bb2 Nc6 4. g3 Bf5 5. d3 e6 6. Nbd2 Be7 7. Bg2 O-O 8. O-O
Qd7 9. Re1 Rad8 10. a3 a6 11. c4 dxc4 12. Nxc4 Qc8 13. Nh4 Be4 14. Nf3 Bd5 15.
Ne3 Bxf3 16. Bxf3 Nd4 17. Bg2 c6 18. b4 Qc7 19. Rc1 Rd7 20. Rc4 Rfd8 21. Qa1
Qb6 22. Bxd4 Rxd4 23. Rec1 h6 24. Rxd4 Rxd4 25. Nc4 Qa7 26. Ne5 Qb6 27. e3 Rd8
28. d4 Nd5 29. Qa2 Bf6 30. Nc4 Qc7 31. Na5 Be7 32. e4 Nf6 33. d5 exd5 34. exd5
c5 35. d6 Bxd6 36. Nxb7 Rc8 37. bxc5 Bf8 38. c6 Qe5 39. a4 Be7 40. Qc4 a5 1-0

[Event "Lichtenberger Sommer 2019"]
[Site "Berlin"]
[Date "2019.08.17"]
[Round "1.46"]
[White "Massa, Pietro"]
[Black "Silz, Elisa"]
[Result "0-1"]
[WhiteElo "1677"]
[BlackElo "2011"]
[PlyCount "102"]
[EventDate "2019.??.??"]
[WhiteTeam "SF 1903 Berlin"]
[BlackTeam "SV Empor Berlin"]

1. d4 Nf6 2. Nf3 g6 3. Bf4 Bg7 4. e3 O-O 5. Nbd2 c5 6. c3 cxd4 7. exd4 Nc6 8.
Be2 d6 9. h3 Re8 10. O-O e5 11. dxe5 dxe5 12. Bh2 e4 13. Ne1 Qe7 14. Nc2 Be6
15. Bc4 Rad8 16. Bxe6 Qxe6 17. Qe2 Bh6 18. Nc4 Nd5 19. N4e3 f5 20. Nxd5 Rxd5
21. Ne3 Rd3 22. Rfd1 Bxe3 23. fxe3 Red8 24. Rxd3 exd3 25. Qd2 Rd7 26. b3 a5 27.
Rb1 b5 28. Bf4 Qe4 29. Rc1 Nd8 30. c4 b4 31. c5 Nc6 32. Rc4 Qd5 33. Bd6 a4 34.
Kf2 axb3 35. axb3 Ra7 36. g4 fxg4 37. Rf4 g3+ 38. Kxg3 Rf7 39. Qf2 Qg5+ 40. Kh2
Rxf4 41. exf4 Qd5 42. Qa2 Nd4 43. Qa6 Kg7 44. Qa7+ Kf6 45. Qe7+ Kf5 46. Qg5+
Ke4 47. Qg2+ Nf3+ 48. Kg3 Kd4 49. Qb2+ Ke4 50. Qf2 Qh5 51. Be7 Nd4 0-1

[Event "Lichtenberger Sommer 2019"]
[Site "Berlin"]
[Date "2019.08.17"]
[Round "1.47"]
[White "Zühlke, Burkhard"]
[Black "Bellomo, Riccardo"]
[Result "1-0"]
[WhiteElo "2009"]
[BlackElo "1677"]
[PlyCount "41"]
[EventDate "2019.??.??"]
[WhiteTeam "SGem Fürth"]
[BlackTeam "SC Zugzwang 95 (Berlin)"]

1. d4 Nf6 2. c4 g6 3. Nc3 Bg7 4. e4 d6 5. Be2 Nbd7 6. Bg5 O-O 7. Qd2 Re8 8. Nf3
e5 9. O-O a6 10. Rad1 b6 11. dxe5 Nxe5 12. Nxe5 Rxe5 13. f4 Rxg5 14. fxg5 Ne8
15. Qf4 f6 16. e5 fxe5 17. Qf7+ Kh8 18. Bf3 c6 19. Bxc6 Nc7 20. Bxa8 Nxa8 21.
Rxd6 1-0

[Event "Lichtenberger Sommer 2019"]
[Site "Berlin"]
[Date "2019.08.17"]
[Round "1.48"]
[White "Ollek, Karl-Heinz"]
[Black "Schäfer, Heiko"]
[Result "0-1"]
[WhiteElo "1671"]
[BlackElo "2002"]
[PlyCount "36"]
[EventDate "2019.??.??"]
[WhiteTeam "SC Friesen Lichtenberg"]
[BlackTeam "Potsdamer SV"]

1. Nf3 d5 2. c4 d4 3. e3 Nc6 4. exd4 Nxd4 5. Nxd4 Qxd4 6. Be2 Bf5 7. Nc3 e5 8.
d3 O-O-O 9. Be3 Qd7 10. O-O a6 11. Ne4 Bg6 12. Qc2 f5 13. Nc3 f4 14. Bxf4 exf4
15. Nd5 Nf6 16. Nxf4 Bd6 17. Nxg6 hxg6 18. h3 Rxh3 0-1

[Event "Lichtenberger Sommer 2019"]
[Site "Berlin"]
[Date "2019.08.17"]
[Round "1.49"]
[White "Keusch, Horst"]
[Black "Wadepfuhl, Jeremy"]
[Result "0-1"]
[WhiteElo "2001"]
[BlackElo "1668"]
[PlyCount "66"]
[EventDate "2019.??.??"]
[WhiteTeam "SC Friesen Lichtenberg"]
[BlackTeam "Borussia Lichtenberg"]

1. f4 d5 2. Nf3 Nf6 3. e3 Bf5 4. b3 Nbd7 5. Bb2 e6 6. Be2 Be7 7. O-O O-O 8. Ne5
Nxe5 9. fxe5 Nd7 10. Bg4 Bg6 11. d3 c5 12. Nd2 Qc7 13. Nf3 b5 14. Qe2 c4 15.
Bd4 Rfc8 16. dxc4 bxc4 17. Qf2 cxb3 18. cxb3 h5 19. Bh3 Qc2 20. Qg3 Nc5 21.
Rfc1 Qd3 22. Rc3 Qa6 23. Nd2 Ne4 24. Nxe4 Bxe4 25. Rxc8+ Rxc8 26. Qe1 Rc2 27.
a4 Qb7 28. Rb1 Bb4 29. Qf1 a6 30. g4 hxg4 31. Qf4 gxh3 32. Qh4 Rg2+ 33. Kf1
Bd3# 0-1

[Event "Lichtenberger Sommer 2019"]
[Site "Berlin"]
[Date "2019.08.17"]
[Round "1.50"]
[White "Gebhardt, Christine"]
[Black "Jachym, Adam"]
[Result "0-1"]
[WhiteElo "1663"]
[BlackElo "1994"]
[PlyCount "74"]
[EventDate "2019.??.??"]
[WhiteTeam "Anastasias Matt"]
[BlackTeam "OKSZ Spolem Opole"]

1. e4 c5 2. Nc3 Nc6 3. g3 g6 4. Bg2 Bg7 5. d3 d6 6. Be3 h5 7. h3 Nd4 8. Qd2 Bd7
9. Nd1 Rc8 10. c3 e5 11. f4 Nc6 12. Ne2 Nge7 13. Nf2 b5 14. fxe5 Nxe5 15. Nf4
a5 16. Nd5 Nxd5 17. exd5 f5 18. Bg5 Qb6 19. h4 O-O 20. O-O Nf7 21. Be3 b4 22.
Nh3 Rce8 23. Nf4 Kh7 24. Rae1 Ne5 25. Kh1 Ng4 26. Bg1 Qd8 27. Ne6 Bxe6 28. dxe6
Be5 29. Rf3 f4 30. d4 fxg3 31. Qg5 Bf6 32. e7 Rxe7 33. Rxf6 Rxf6 34. Be4 Rxe4
35. Rxe4 Nf2+ 36. Bxf2 gxf2 37. Rf4 f1=R+ 0-1

[Event "Lichtenberger Sommer 2019"]
[Site "Berlin"]
[Date "2019.08.17"]
[Round "1.51"]
[White "Guenther, Thomas"]
[Black "Tedesco, Gennaro"]
[Result "1-0"]
[WhiteElo "1985"]
[BlackElo "1663"]
[PlyCount "83"]
[EventDate "2019.??.??"]
[BlackTeam "SC Kreuzberg"]

1. d4 d5 2. Nf3 Nf6 3. c4 c6 4. e3 e6 5. Nc3 Nbd7 6. b3 Bd6 7. Be2 O-O 8. O-O
Qe7 9. Bb2 b6 10. Qc2 Bb7 11. e4 Nxe4 12. Nxe4 dxe4 13. Qxe4 Nf6 14. Qh4 Rfe8
15. Rad1 Rad8 16. Bd3 h6 17. Rfe1 Qf8 18. Ne5 Bxe5 19. dxe5 Nh7 20. Re2 Kh8 21.
Red2 Qe7 22. Qxe7 Rxe7 23. Be4 Rxd2 24. Rxd2 g6 25. c5 Ng5 26. Bc2 Kg7 27. h4
Nh7 28. Be4 Nf8 29. Rd6 Rc7 30. Bd4 Nd7 31. b4 b5 32. g4 Nf8 33. Bc3 Rd7 34. f4
Rxd6 35. exd6+ Kg8 36. f5 g5 37. hxg5 hxg5 38. Bf6 Nd7 39. Bxg5 Kf8 40. Be7+
Kg7 41. g5 Ne5 42. Bf6+ 1-0

[Event "Lichtenberger Sommer 2019"]
[Site "Berlin"]
[Date "2019.08.17"]
[Round "1.52"]
[White "Uhlenbrock, Sven"]
[Black "Schabe, Felix"]
[Result "0-1"]
[WhiteElo "1652"]
[BlackElo "1984"]
[PlyCount "60"]
[EventDate "2019.??.??"]
[BlackTeam "SV Empor Berlin"]

1. d4 Nf6 2. Bg5 d5 3. Bxf6 gxf6 4. c4 c6 5. e3 Nd7 6. cxd5 cxd5 7. Nc3 e6 8.
Bd3 a6 9. Nf3 f5 10. O-O Bd6 11. Qa4 O-O 12. Rac1 Kh8 13. Ne2 Rg8 14. Nf4 Nf8
15. Qc2 Qf6 16. Kh1 Bd7 17. Qd2 Qh6 18. g3 f6 19. Nxd5 Qh5 20. Nh4 exd5 21. Qa5
f4 22. exf4 Bxf4 23. Rc2 Bh3 24. Be2 Qxh4 25. Qxd5 Qg5 26. Qe4 Bxf1 27. Bxf1
Bd6 28. Qxb7 Qf5 29. Qxa8 Qxc2 30. Qxa6 Qxf2 0-1

[Event "Lichtenberger Sommer 2019"]
[Site "Berlin"]
[Date "2019.08.17"]
[Round "1.53"]
[White "Nöldner, Julian"]
[Black "Kandeler, Christian"]
[Result "1-0"]
[WhiteElo "1975"]
[BlackElo "1650"]
[PlyCount "107"]
[EventDate "2019.??.??"]
[WhiteTeam "SV Empor Berlin"]
[BlackTeam "TSG Oberschöneweide"]

1. g3 Nf6 2. Bg2 d5 3. Nf3 g6 4. c4 c6 5. b3 Bg7 6. Bb2 O-O 7. O-O Bf5 8. d3
Re8 9. h3 h5 10. Nh4 Qd7 11. Nxf5 Qxf5 12. Nc3 d4 13. e4 Qa5 14. Ne2 e5 15. f4
c5 16. fxe5 Rxe5 17. Nxd4 cxd4 18. Bxd4 Re6 19. e5 Nbd7 20. exf6 Bxf6 21. Bxf6
Nxf6 22. Re1 Rae8 23. Rxe6 Rxe6 24. d4 b6 25. d5 Qc5+ 26. Kh2 Re3 27. Qd2 Qe7
28. Rf1 Nd7 29. d6 Qe5 30. Qf2 f5 31. Qf4 Qxf4 32. gxf4 Kf8 33. Bc6 Ke8 34. Rg1
Re6 35. Rd1 Kd8 36. b4 Nf6 37. Kg3 Ne4+ 38. Kh4 Rxd6 39. Rxd6+ Nxd6 40. c5 bxc5
41. bxc5 Ne4 42. Bd5 Nxc5 43. Kg5 Ke7 44. Kxg6 Nd7 45. Kxf5 Nf6 46. Bb3 Nh7 47.
h4 Nf6 48. Kg6 Ne4 49. f5 Nf6 50. Bd1 Ng4 51. Kg7 Ne3 52. f6+ Kd6 53. f7 Nf5+
54. Kf6 1-0